| 000 | 01074nam a22002537a 4500 | ||
|---|---|---|---|
| 003 | BPGM | ||
| 008 | 260514m mx ||||gr|||| 001 0 spa d | ||
| 020 | _a968-16-0623-X | ||
| 040 | _bspa | ||
| 041 |
_aSPA _hSPA |
||
| 082 | 0 | 4 |
_2320.101 / H44 _a320.101 _bH44 |
| 100 | _aHELLER, HERMANN | ||
| 245 | _aTEORÍA DEL ESTADO | ||
| 250 | _aDECIMOQUINTA | ||
| 260 |
_aMÉXICO _bFONDO DE CULTURA ECONÓMICA _c1995 |
||
| 300 |
_a341 páginas ; _c20.9 cm x 13.7 cm |
||
| 336 |
_2rdacontent _atexto _btxt |
||
| 337 |
_2rdamedia _asin mediación _bn |
||
| 338 |
_2rdacarrier _avolumen _bnc |
||
| 505 | _aLA AMARGURA QUE ME INVADE AL TENER QUE PROLOGAR, EN LUGAR DEL AUTOR, SU TEORÍA DEL ESTADO, QUEDA SUPERADA POR LA CONCIENCIA QUE TENGO DE QUE LA MUERTE FUE VNECIDA, PUES A LA GRAN DESTRUCTORA NO LE FUE DADO ESTORBAR LA FORMIDABLE LABOR DE AQUEL PODEROSO ESPÍRITU. HERMANN HELLER COMPUSO LA OBRA DE SU VIDA, LA TEORÍA DEL ESTADO, LUCHANDO CON COBRE HUMANA ENERGÍA CONTRA LA MUERTE. | ||
| 650 |
_v320 _x300 _y20 _z0 |
||
| 700 |
_aTOBIO, LUIS _eTRADUCTOR |
||
| 942 |
_2ddc _cCONSULTA |
||
| 999 |
_c68584 _d68584 |
||